| 000 | 00000nam##2200000za#4500 |
| 001 | 9.697995 |
| 003 | CaOODSP |
| 005 | 20241203113637 |
| 007 | cr ||||||||||| |
| 008 | 150407|2005||||xxc|||||o f|0| 0 eng|d |
| 040 | |aCaOODSP|beng |
| 043 | |an-cn--- |
| 086 | 1 |aEn4-206/2005E-PDF |
| 110 | 1 |aCanada. |bEnvironment Canada. |
| 245 | 10|aEvaluation framework to examine EC programs within the CESF context : |h[electronic resource]|bcase study on priority ecosystems |
| 260 | |aGatineau - Quebec : |bEnvironment Canada |cNovember 2005. |
| 300 | |a13p.|btables |
| 590 | |a13-14-Supp|b2013-05-30 |
| 775 | 08|tCadre d'évaluation pour examiner les programmes d'EC dans le contexte du CCDE : |w(CaOODSP)9.641992 |
| 856 | 40|ahttp://publications.gc.ca|qPDF|s148 KB|uhttps://publications.gc.ca/collections/collection_2013/ec/En4-206-2005-eng.pdf |